Total Drama Characters by Picture - Statistics

General Stats
  • This quiz has been taken 715 times
  • The average score is 63 of 100
Answer Stats
Picture Answer % Correct
B
94%
Alejandro
93%
Beth
89%
Gwen
87%
Cody
86%
Courtney
86%
DJ
86%
Duncan
86%
Bridgette
84%
Heather
84%
Owen
84%
Eva
83%
Harold
83%
Izzy
83%
Lindsay
83%
Geoff
81%
Katie
80%
Noah
80%
Amy
79%
Ezekiel
79%
Justin
79%
Leshawna
79%
Sadie
77%
Blaineley
76%
Cameron
76%
Sam
76%
Trent
76%
Jo
75%
Mike
75%
Tyler
75%
Dawn
74%
Brick
73%
Sierra
73%
Dakota
72%
Lightning
72%
Zoey
71%
Scott
70%
Ella
69%
Emma
69%
Emma
69%
Max
68%
Anne Maria
66%
Axel
66%
Beardo
64%
Bowie
64%
Dave
64%
Jasmine
64%
Kitty
63%
Scary Girl
63%
Sugar
63%
Leonard
62%
Shawn
61%
Sky
61%
Brody
60%
Julia
60%
Scarlett
60%
Staci
60%
Priya
59%
MK
57%
Samey
57%
Junior
56%
Topher
56%
Caleb
55%
Chase
55%
Crimson
55%
Ennui
54%
Raj
54%
Zee
54%
Carrie
53%
Damien
53%
Rodney
53%
Wayne
51%
Devin
50%
MacArthur
50%
Millie
50%
Ripper
50%
Dwayne
48%
Josee
47%
Jacques
46%
Nichelle
46%
Jen
45%
Taylor
45%
Tom
45%
Mickey
44%
Kelly
43%
Ryan
43%
Chet
42%
Jay
42%
Rock
42%
Spud
42%
Ellody
41%
Mary
41%
Stephanie
41%
Lorenzo
40%
Sanders
40%
Tammy
39%
Gerry
37%
Laurie
35%
Pete
35%
Miles
33%
No matching quizzes found
Score Distribution
Percent of People with Each Score
Percentile by Number Answered
Your Score History
You have not taken this quiz